banner

Kendall's, Músculos (Registro nro. 613)

000 -LEADER
fixed length control field 01153nam a2200289 a 4500
003 - CONTROL NUMBER IDENTIFIER
control field AR-BaISA
005 - DATE AND TIME OF LATEST TRANSACTION
control field 20190625152304.0
007 - PHYSICAL DESCRIPTION FIXED FIELD--GENERAL INFORMATION
fixed length control field ta
008 - FIXED-LENGTH DATA ELEMENTS--GENERAL INFORMATION
fixed length control field 061205s2007 sp ad ||1 ||spa d
020 ## - INTERNATIONAL STANDARD BOOK NUMBER
International Standard Book Number 8471015277
020 ## - INTERNATIONAL STANDARD BOOK NUMBER
International Standard Book Number 9788471015273
040 ## - CATALOGING SOURCE
Transcribing agency AR-BaISA
082 04 - DEWEY DECIMAL CLASSIFICATION NUMBER
Edition number 22
Classification number 616.706 82 K333
245 10 - TITLE STATEMENT
Title Kendall's, Músculos
Medium [Texto impreso]:
Remainder of title pruebas funcionales, postura y dolor /
Statement of responsibility, etc. Florence Peterson Kendall...[et al.]
250 ## - EDITION STATEMENT
Edition statement 5ª ed.
260 ## - PUBLICATION, DISTRIBUTION, ETC.
Place of publication, distribution, etc. Madrid:
Name of publisher, distributor, etc. Marbán,
Date of publication, distribution, etc. 2007
300 ## - PHYSICAL DESCRIPTION
Extent XIII, [520] p.:
Other physical details il., graf.;
Dimensions 27 cm.
504 ## - BIBLIOGRAPHY, ETC. NOTE
Bibliography, etc. note Bibliografía al final de cada capítulo
504 ## - BIBLIOGRAPHY, ETC. NOTE
Bibliography, etc. note Índice analítico al final del libro con numeración distinta p: I1-I36
505 ## - FORMATTED CONTENTS NOTE
Title Conceptos fundamentales --
-- Postura --
-- Cabeza y cara --
-- Cuello --
-- Tronco y músculos respiratorios --
-- Extremidad superior y cintura escapular --
-- Extremidad inferior
650 14 - SUBJECT ADDED ENTRY--TOPICAL TERM
Topical term or geographic name entry element Músculos
General subdivision pruebas funcionales
9 (RLIN) 1293
650 14 - SUBJECT ADDED ENTRY--TOPICAL TERM
Topical term or geographic name entry element Aparato locomotor
General subdivision enfermedades
9 (RLIN) 880
650 14 - SUBJECT ADDED ENTRY--TOPICAL TERM
Topical term or geographic name entry element Fisioterapia
9 (RLIN) 1206
650 14 - SUBJECT ADDED ENTRY--TOPICAL TERM
Topical term or geographic name entry element Sistema musculoesquelético
9 (RLIN) 1490
700 1# - ADDED ENTRY--PERSONAL NAME
Personal name Kendall, Florence Peterson
9 (RLIN) 1488
Relator term aut.
942 ## - ADDED ENTRY ELEMENTS (KOHA)
Source of classification or shelving scheme
Koha item type Libros
Existencias
Withdrawn status Lost status Source of classification or shelving scheme Damaged status Not for loan Permanent Location Current Location Date acquired Inventory number Total Checkouts Total Renewals Full call number Barcode Checked out Date last seen Date last checked out Copy number Price effective from Koha item type
          Biblioteca ISALUD. Dr. Néstor Rodríguez Campoamor Biblioteca ISALUD. Dr. Néstor Rodríguez Campoamor 2019-06-25 2898 6 10 616.706 82 K333 2898 2026-04-27 2026-04-13 2026-04-13 ej. 3 2019-06-25 Libros
          Biblioteca ISALUD. Dr. Néstor Rodríguez Campoamor Biblioteca ISALUD. Dr. Néstor Rodríguez Campoamor 2019-06-25 4005 7 9 616.706 82 K333 4005   2025-10-28 2025-10-23 ej. 1 2019-06-25 Libros
          Biblioteca ISALUD. Dr. Néstor Rodríguez Campoamor Biblioteca ISALUD. Dr. Néstor Rodríguez Campoamor 2019-06-25 6039 10 7 616.706 82 K333 6039 2025-06-06 2025-05-30 2025-05-30 ej. 2 2019-06-25 Libros
          Biblioteca ISALUD. Dr. Néstor Rodríguez Campoamor Biblioteca ISALUD. Dr. Néstor Rodríguez Campoamor 2025-09-22 5439     616.706 82 K333 5439   2025-09-22   ej. 4 2025-09-22 Libros